000 01513nam a2200373Ia 4500
001 ebr10599089
003 CaPaEBR
006 m u
007 cr cn|||||||||
008 120807s2012 cauab sb 000 0 eng d
010 _z 2012031923
020 _z0833073400
020 _z9780833073402
020 _z9780833073846
040 _aCaPaEBR
_cCaPaEBR
035 _a(OCoLC)813288171
050 1 4 _aUA26.A2
_bU75 2012eb
245 0 0 _aU.S. overseas military presence
_h[electronic resource] :
_bwhat are the strategic choices? /
_cLynn E. Davis ... [et al.].
260 _aSanta Monica, CA :
_bRAND,
_cc2012.
300 _axvii, 50 p. :
_bcol. ill., col. maps.
504 _aIncludes bibliographical references.
533 _aElectronic reproduction.
_bPalo Alto, Calif. :
_cebrary,
_d2011.
_nAvailable via World Wide Web.
_nAccess may be limited to ebrary affiliated libraries.
650 0 _aMilitary bases, American
_zForeign countries.
650 0 _aNational security
_zUnited States
_xPlanning.
650 0 _aStrategy.
651 0 _aUnited States
_xArmed Forces
_zForeign countries.
651 0 _aUnited States
_xDefenses
_xPlanning.
651 0 _aUnited States
_xMilitary policy
_xPlanning.
655 7 _aElectronic books.
_2local
700 1 _aDavis, Lynn E.
_q(Lynn Etheridge),
_d1943-
710 2 _aebrary, Inc.
710 2 _aProject Air Force (U.S.)
856 4 0 _uhttp://site.ebrary.com/lib/rucke/Doc?id=10599089
_zAn electronic book accessible through the World Wide Web; click to view
999 _c213625
_d213625